[Event "7th Gashimov Memorial-Blitz 2021"]
[Site "Baku"]
[Date "2021.12.22"]
[Round "4"]
[White "Navara, David"]
[Black "Caruana, Fabiano"]
[Result "1-0"]
[WhiteElo "2697"]
[BlackElo "2792"]
[Annotator "TA"]
[PlyCount "87"]
[EventDate "2021.12.17"]
[EventType "tourn"]
[EventCountry "AZE"]
[SourceTitle "playchess.com"]
[Source "ChessBase"]
[SourceQuality "1"]

{[%evp 19,87,31,44,43,37,49,56,5,20,5,33,24,31,12,33,54,82,85,83,80,89,72,112,
106,100,108,139,129,127,102,168,156,249,220,239,243,298,205,214,186,190,94,519,
487,703,676,727,704,1188,1149,1114,1071,1198,1178,1225,1201,1227,1241,1001,0,
3378,2829,3506,2627,29976,29977,29989,29990,29995,29996]} 1. d4 Nf6 2. c4 g6 3.
Nc3 Bg7 4. e4 d6 5. Nf3 O-O 6. Be2 e5 7. O-O h6 8. Re1 Nbd7 9. Bf1 Re8 {
is now more promising than 9...Nh7.} 10. Rb1 a5 {[%cal Ba7a5,Ba5a4][%mdl 32]}
11. b3 {[%cal Bb2b3,Bb3b4][%mdl 32] E95: King's Indian: Classical: 7...Nbd7 8
Re1.} b6 12. d5 {[#]} Nh7 $146 ({Predecessor:} 12... Nf8 13. Qc2 Nh5 14. Bd3 g5
15. g3 Bh3 16. Nd1 Ng6 17. a3 Qd7 18. Ne3 Ne7 {1-0 (41) Tejkal,J (2033)-Baran,
P (2173) Prague 2005}) 13. g3 (13. Bd3 $14) 13... Nc5 $11 14. a3 a4 (14... f5
$5 {[%cal Rf5e4]}) 15. b4 Nb3 16. Be3 Bd7 17. Nd2 f5 {[%cal Of5f4]} 18. Nxb3
axb3 19. Rxb3 f4 20. gxf4 Qh4 21. Qf3 exf4 22. Qxf4 Qe7 23. Qg3 g5 24. c5 {
[%cal Bc4c5,Bc5c6][%mdl 32]} Rf8 (24... bxc5 $16 25. bxc5 dxc5) 25. c6 $18 Be8
(25... Bc8 $16 26. Nb5 Ba6) 26. f4 gxf4 27. Bxf4 Qf6 28. Ne2 Bh5 {aiming for ..
.Bxe2.} 29. Bc1 ({Resist} 29. e5 $6 dxe5 30. Bc1 Rad8 $16) 29... Ng5 {[#]} 30.
Nf4 ({Worse is} 30. Bb2 Qxb2 31. Rxb2 Bxb2 $11) (30. Bg2 $1 $18 {and White
stays clearly on top.} Bxe2 31. Rxe2 (31. Bb2 $2 Qxb2 32. Rxb2 Bxb2 $19) 31...
Qd4+ 32. Kh1) 30... Qf7 $2 {[%mdl 8192]} (30... Qd4+ $16 {is more resistant.}
31. Kg2 Nxe4) 31. h4 Nf3+ (31... Be5 $142 32. hxg5 Bxf4 33. Bxf4 Qxf4 34. gxh6+
Qxg3+ 35. Rxg3+ Kh7) 32. Rxf3 {[%cal Of4h5]} Bxf3 33. Bh3 {Threatens to win
with Be6.} Rae8 34. Be6 Rxe6 35. dxe6 Qf6 36. Qxf3 Qxh4 37. Re2 Kh7 38. Be3 Be5
{[#]} 39. Rh2 $2 Qe1+ $4 {[%mdl 8192]} (39... Rg8+ $11 40. Rg2 Qe1+ 41. Kh2
Qh4+ 42. Kg1 Qe1+ 43. Kh2 Qh4+ 44. Kg1) 40. Kg2 {[%cal Oh2h6] Threatening mate
with Rxh6+!} Rg8+ 41. Kh3 Qc3 42. Rg2 {White mates.} Rf8 {[#]} 43. Qg3 $1 Kh8 (
43... Bxf4 44. e7) 44. Ng6+ {Weighted Error Value: White=0.37/Black=0.57} 1-0

[Event "7th Gashimov Memorial-Blitz 2021"]
[Site "Baku"]
[Date "2021.12.22"]
[Round "5"]
[White "Caruana, Fabiano"]
[Black "Karjakin, Sergey"]
[Result "1/2-1/2"]
[WhiteElo "2792"]
[BlackElo "2743"]
[Annotator "TA"]
[PlyCount "97"]
[EventDate "2021.12.17"]
[EventType "tourn"]
[EventCountry "AZE"]
[SourceTitle "playchess.com"]
[Source "ChessBase"]
[SourceQuality "1"]

{[%evp 10,97,-4,-1,0,0,8,3,8,0,0,0,0,0,0,0,0,0,0,0,0,-4,-19,-51,-47,-63,-37,
-42,-31,-65,-70,-55,-74,-70,-16,-13,-18,-65,-19,-95,-95,-97,-93,-101,-67,-62,
-49,-52,-43,-75,-81,-111,-55,-65,-18,-23,0,-40,-40,-55,-7,-6,-12,-46,-38,-77,
-13,-62,-43,-40,0,-8,0,0,0,0,0,0,8,9,9,0,47,0,0,0,0,0,0,0]} 1. e4 e5 2. Nf3 Nc6
3. g3 Nf6 4. d3 d5 5. exd5 Nxd5 6. Bg2 Bd6 {C44: Ponziani Opening and Scotch
Gambit.} 7. O-O O-O 8. a3 {8.a4 is the recent fashion.} a5 {[#]} 9. Nc3 $146 ({
Predecessor:} 9. c4 Nde7 10. Nc3 Nf5 11. b3 Nfd4 12. Nxd4 Nxd4 13. Be3 Nf5 14.
Qd2 c6 15. Ne4 {0-1 (36) Nunes,A (1544)-Guerreiro,N (2071) Lisbon 2020}) 9...
Nxc3 10. bxc3 a4 11. Re1 h6 12. Nd2 Be6 13. Rb1 Rb8 14. Ne4 Be7 15. c4 Qd7 16.
Be3 Nd4 ({But not} 16... Bxa3 17. Bc5 Bg4 18. Qd2 Bxc5 19. Nxc5 $11) 17. Qc1
Bg4 18. Bxd4 Qxd4 19. Rb5 c6 {To avoid Rd5} 20. c3 Qxd3 21. Rxe5 Be6 (21... Qd7
$15) 22. Bf1 $11 Qd7 23. Qc2 (23. Nc5 $11 {is more appropriate.} Bxc5 24. Rxc5)
23... Qc7 (23... Ra8 $15 24. c5 Rfd8) 24. Rxe6 fxe6 $17 25. Qxa4 Ra8 26. Qd1
Rxa3 27. Bh3 Kh8 28. Bxe6 Ra5 29. Bh3 Bc5 30. Qd2 Qb6 (30... Ba7 $17 {And now .
..Re5 would win.} 31. Kh1 Qf7) 31. Kg2 $15 Qa7 (31... Qd8 $15 {might be
stronger.} 32. Qxd8 Rxd8) 32. Re2 $1 $11 b6 33. Bg4 Qf7 34. Qd3 Ra4 (34... Raa8
$15 35. Nxc5 bxc5) 35. Nxc5 bxc5 36. Be6 Qf6 37. f4 Ra3 ({Better is} 37... g5
$17 38. f5 h5) 38. Re5 (38. Qd6 $11 {deserves consideration.}) 38... Ra2+ 39.
Kh3 $1 Rd8 40. Qe4 Rdd2 41. Bf7 {[%cal Re5e8] [#]} Rxh2+ 42. Kg4 {[%cal Re5e8]
Dancing on a razor blade.} Qxf7 43. Re8+ Qxe8 44. Qxe8+ {KQ-KRR} Kh7 45. Qxc6
Rhc2 (45... Rac2 $11 {is superior.}) 46. Qxc5 (46. f5 $14 Rf2 47. Qxc5) 46...
Rxc3 {The position is equal.} 47. Qf5+ Kh8 48. Qf8+ Kh7 49. Qf5+ {Weighted
Error Value: White=0.14 (very precise) /Black=0.16 (very precise)} 1/2-1/2

[Event "7th Gashimov Memorial-Blitz 2021"]
[Site "Baku"]
[Date "2021.12.22"]
[Round "5"]
[White "Anand, Viswanathan"]
[Black "Mamedyarov, Shakhriyar"]
[Result "1/2-1/2"]
[WhiteElo "2751"]
[BlackElo "2767"]
[Annotator "TA"]
[PlyCount "48"]
[EventDate "2021.12.17"]
[EventType "tourn"]
[EventCountry "AZE"]
[SourceTitle "playchess.com"]
[Source "ChessBase"]
[SourceQuality "1"]

{[%evp 15,48,9,16,16,15,2,11,2,10,9,23,0,48,7,8,-22,-3,-3,0,0,0,0,0,-17,-17,
-47,-30,-33,-6,-23,0,-20,-23,-26,-23]} 1. e4 e5 2. Nf3 Nc6 3. Bb5 {[%cal Bf1b5,
Bb5a4,Ba4b3][%mdl 32]} a6 4. Ba4 Nf6 5. d3 b5 6. Bb3 Bc5 7. c3 $1 {[%mdl 4] is
currently scoring better than 7.0-0.} d6 (7... O-O 8. Bg5 h6 9. Bh4 Be7 10.
Nbd2 d6 11. Bg3 Na5 12. Bc2 c5 13. O-O Nc6 14. h3 Be6 15. Re1 Nd7 16. Nf1 Nb6
17. Ne3 Re8 18. a4 Rb8 19. axb5 axb5 {½-½ (36) Anand,V (2773)-Mamedyarov,S 
(2817) Kolkata 2018}) 8. O-O O-O 9. Nbd2 {[%cal Bb1d2,Bd2f1,Bf1g3][%mdl 32]
C78: Ruy Lopez: Archangelsk and Möller Defences.} h6 10. Re1 Re8 11. Nf1 {
The position is equal.} Bb6 12. Ng3 Ne7 {[%cal Bc6e7,Be7c8,Bc8d6][%mdl 32] [#]}
13. Nh4 $146 ({Predecessor:} 13. a4 Rb8 14. h3 Ng6 15. d4 c5 16. Bc2 Bd7 17. a5
Bc7 18. b4 Rc8 19. d5 {1-0 (42) Lagarde,M (2648)-Rodshtein,M (2614) Chalons en
Champagne 2021}) 13... d5 (13... Bg4 $11 {was preferrable.} 14. Nf3 c5) 14. h3
(14. exd5 $14 {might be stronger.} Ng4 15. Rf1) 14... dxe4 $11 15. dxe4 {
[#] Qf3 is the strong threat.} Qxd1 16. Bxd1 Bb7 17. Nf3 Nc8 18. Bc2 Nd6 19.
Nh2 Rad8 20. Ng4 Nxg4 21. hxg4 Kh7 22. Kf1 g6 23. f3 a5 24. Ke2 Kg7 {Weighted
Error Value: White=0.13 (very precise) /Black=0.08 (flawless)} 1/2-1/2

[Event "7th Gashimov Memorial-Blitz 2021"]
[Site "Baku"]
[Date "2021.12.22"]
[Round "5"]
[White "Mamedov, Rauf"]
[Black "Rapport, Richard"]
[Result "0-1"]
[WhiteElo "2656"]
[BlackElo "2763"]
[Annotator "TA"]
[PlyCount "122"]
[EventDate "2021.12.17"]
[EventType "tourn"]
[EventCountry "AZE"]
[SourceTitle "playchess.com"]
[Source "ChessBase"]
[SourceQuality "1"]

{[%evp 13,122,50,48,28,38,0,2,0,18,19,50,34,37,13,40,32,29,18,13,11,25,26,27,
28,37,30,39,-103,-103,-167,-139,-143,237,235,214,222,290,159,172,172,180,-147,
-164,-169,-172,-425,-407,-813,-806,-779,-787,-1268,-1141,-1336,-1331,-1242,
-1093,-1179,-583,-578,-575,-589,-566,-559,29997,-584,-531,-1054,-1038,-763,
-729,-1036,0,-615,0,-733,-527,-543,-530,-504,-510,-551,-552,-533,-524,-631,
-646,-775,-506,-534,-541,-533,-525,-602,-580,-725,-694,-5002,-1041,-718,-618,
-677,-671,-29963,-29962,-29973,-29974,-29958,-4786,-29979,-29980]} 1. e4 e6 2.
d4 d5 3. Nd2 dxe4 4. Nxe4 Bd7 5. Bd3 Bc6 6. Nf3 Nd7 7. Qe2 Ngf6 8. Ned2 {
C10: French with 3 Nc3: Unusual Black 3rd moves and 3...dxe4.} Be7 9. b3 {[#]}
Nd5 $146 ({Predecessor:} 9... O-O 10. Bb2 a5 11. c4 a4 12. O-O Bxf3 13. Nxf3 c6
14. Bc3 axb3 15. axb3 Qc7 {0-1 (67) Mamedov,R (2654)-Medvegy,Z (2524) Europe
Echecs INT 2020}) 10. Ne4 {The position is equal.} Bb4+ 11. Kf1 $1 O-O 12. c4
N5f6 13. Bg5 Be7 14. h4 (14. Nxf6+ {is interesting.} Bxf6 15. h4 Re8 16. Rd1 h6
17. Be3) 14... Nxe4 $1 15. Bxe4 Bxe4 16. Qxe4 Rb8 17. g3 h6 {[#]} 18. Kg2 $1 {
[%cal Og3g4]} Re8 19. Bf4 Bd6 20. Bg5 f5 $17 21. Qe2 (21. Bxd8 $2 fxe4 22. Nd2
Rbxd8 $19) (21. Qe3 $17 hxg5 22. hxg5) 21... hxg5 $19 22. hxg5 g6 $2 {[%mdl
8192]} (22... e5 23. c5 Qe7 24. cxd6 cxd6 25. Rh5 $16) (22... c6 $17 {keeps
the pressure on. Threatens to win with ...b5.} 23. Rh3 Nf8) 23. Rh6 $18 {
[%mdl 1024] White has strong compensation.} Nf8 {[%cal Oe6e5]} 24. Rah1 e5 {
White must now prevent ...e4.} 25. c5 (25. dxe5 Re6 $14) (25. Rh8+ $1 $18 Kf7
26. dxe5) 25... e4 $16 26. Qc4+ Kg7 {[#]} 27. Nd2 {[#]} (27. Nh4 $1 $18 Bxg3
28. Nxf5+ (28. Nxg6 Qxg5 29. R1h5 Qxh6 $15) 28... gxf5 29. Rh8 (29. Rf6 $2 Qe7
$17)) 27... Bxg3 $1 $17 {[%mdl 512]} 28. fxg3 Qxg5 {Really sharp!} 29. Nf1 (29.
Qc3 Qf6 30. Nc4) 29... f4 {[%cal Bf5f4,Bf4f3,Bf3f2][%mdl 32]} ({Inferior is} 
29... Qxh6 30. Rxh6 Kxh6 31. Ne3 $11) 30. Rh8 (30. Qc3 $142 e3 31. d5+ Qe5 32.
Qxe5+ Rxe5 33. Nh2) 30... f3+ $19 31. Kg1 e3 32. Rg8+ Kf6 33. d5 e2 (33... f2+
34. Kg2 e2 35. Qd4+ Ke7 36. d6+ Ke6 37. Qxf2 Qd5+ 38. Kh2 Qh5+ 39. Kg2 Qd5+ 40.
Kh2 $19) 34. Rh4 f2+ 35. Kh2 exf1=N+ (35... e1=Q $142 36. Rf4+ Ke7) 36. Qxf1
Kf7 37. Rgh8 Kg7 38. Qxf2 Re5 $4 {[%mdl 8192] [#]} (38... Qxd5 $19 39. Qb2+ Re5
) 39. Qd4 $4 {[%mdl 8192]} (39. Qxf8+ $1 {[%mdl 512] is the narrow road to win.
} Rxf8 40. R4h7+ Kf6 41. Rxf8#) 39... Qf6 40. Kh3 Qf1+ 41. Kh2 Qe2+ 42. Kh3
Qf1+ 43. Kh2 Rbe8 (43... Qe1 $19 44. b4 Rd8) 44. Rf4 $2 {[%mdl 8192]} Qe2+ 45.
Rf2 {[#]} Qxf2+ {[%mdl 512]} 46. Qxf2 {[%cal Oh8f8]} Kxh8 47. Qf7 R5e7 48. Qf6+
Kg8 49. b4 Rf7 50. Qd4 Rf5 {And now ...Nd7 would win.} 51. d6 cxd6 52. cxd6 Nd7
{aiming for ...Re2+.} 53. Qc4+ Kg7 54. Qc7 Rf7 {Hoping for ...Re2+.} 55. Qxb7
Nf6 (55... Re2+ $142 56. Kg1 Ne5) 56. Qc6 Rd8 57. b5 Rfd7 58. a4 Rxd6 59. Qc3
Rd2+ 60. Kg1 Rd1+ (60... Ra2 $142 61. Qe1 Rd7 62. g4 Rxa4 63. Qc3 Rxg4+ 64. Kf2
g5 65. Kf1 Rf4+ 66. Ke2 g4 67. Qc5 Kg6 68. Qc2+ Kg5 69. Qc5+ Kh4 70. Qc1 Re7+
71. Kd3 Rf3+ 72. Kd4 Rd7+ 73. Ke5 g3 74. Qh1+ Kg4 75. Ke6 Rd2 76. Qb1 g2 77.
Qe1 Rff2 78. Qb1 Rde2+ 79. Kd6 Rf1 80. Qg6+ Kh4 81. b6 axb6 82. Kc6 g1=Q 83.
Qh6+ Nh5 84. Qd6 Rc2+ 85. Kd7 Qg4+ 86. Ke8 Ng7+ 87. Ke7 Qe4+ 88. Qe6 Qxe6+ 89.
Kd8 Rf8#) 61. Kg2 R8d2+ {Black used his chance.  Weighted Error Value: White=1.
10/Black=0.59} 0-1

[Event "7th Gashimov Memorial-Blitz 2021"]
[Site "Baku"]
[Date "2021.12.22"]
[Round "5"]
[White "Asadli, Vugar"]
[Black "Navara, David"]
[Result "1-0"]
[WhiteElo "2579"]
[BlackElo "2697"]
[Annotator "TA"]
[PlyCount "101"]
[EventDate "2021.12.17"]
[EventType "tourn"]
[EventCountry "AZE"]
[SourceTitle "playchess.com"]
[Source "ChessBase"]
[SourceQuality "1"]

{[%evp 11,101,-8,-5,-9,-31,-41,0,0,0,0,0,0,0,0,0,0,0,0,0,0,75,48,45,-62,-52,
-52,-45,-48,25,23,56,-19,-27,-22,-35,-28,-21,-47,-31,-83,191,197,189,174,193,
206,185,210,212,212,235,146,193,167,197,190,189,181,198,186,377,336,387,351,
538,512,1311,1294,1234,1204,29975,29976,29976,29976,29979,29980,29980,29981,
29982,29983,29984,29985,29985,29986,29986,29987,29987,29988,29988,29989,29989,
29990]} 1. e4 c5 2. Nf3 d6 3. Nc3 Nf6 4. d4 cxd4 5. Nxd4 a6 6. Rg1 b5 {[%cal
Bb7b5,Bb5b4][%mdl 32]} 7. a4 {B90: Sicilian Najdorf: Unusual White 6th moves,
6 Be3 Ng4 and 6 Be3 e5.} (7. g4 $5 {[%cal Rg4g5]}) 7... b4 8. Nd5 e6 (8... Nxe4
$15 9. Bc4 e6) 9. Nxf6+ $11 {The position is equal.} Qxf6 10. Be3 Bb7 {[#]} 11.
f3 $146 ({Predecessor:} 11. Qd2 Bxe4 12. f3 Bb7 13. Qxb4 Qe7 14. Qb6 Qd7 15.
O-O-O Qc8 16. Nb3 Nc6 17. Bd4 {1-0 (76) Nepomniachtchi,I (2784)-Giri,A (2764)
chess24.com INT 2020}) 11... d5 12. exd5 Bxd5 13. Qd2 $1 Be7 14. O-O-O Nd7 15.
g4 {[%cal Bg2g4,Bg4g5][%mdl 32] Black must now prevent g5.} Nc5 (15... Bc5 $11)
16. g5 (16. h4 $5) 16... Qg6 (16... Qe5 $2 17. Bf4 Nd3+ 18. Bxd3 $18) 17. Bd3 (
{Better is} 17. h4 $1 $14 O-O 18. Bc4) 17... Nxd3+ $15 18. Qxd3 {[%cal Od4f5]}
O-O 19. Nf5 Bd8 {[#]} (19... exf5 $15 20. Qxd5 Rfd8) 20. Bc5 $1 $36 {[%csl
LRb4,LRf8][%mdl 2048] White is more active.} Re8 {[#] aiming for ...Rc8.} (
20... Bxg5+ 21. Kb1) 21. Nd6 {Prevents Rc8.} (21. Nh6+ $1 $14 Kh8 22. Qxg6 fxg6
23. Nf7+ Kg8 24. Nxd8) 21... Bxg5+ 22. Kb1 Qxd3 23. Rxd3 Be7 $1 {Threatens to
win with ...Reb8. A strong pair of Bishops.} 24. Nxe8 (24. Bd4 {feels hotter.}
Bxd6 25. Bxg7 Bxh2 26. Rg2 h5 27. Bd4+) 24... Bxc5 25. Nc7 (25. Nf6+ $15 Kh8
26. Nxd5 Bxg1 27. Nc7) 25... Ra7 $2 {[%mdl 8192] Black cannot hold the game
after this.} (25... Bxg1 $17 26. Nxa8 Kf8) 26. Nxd5 $18 Bxg1 {[%mdl 4096]
Endgame [#] KRB-KRN} 27. Ne7+ {[%mdl 512]} Kf8 28. Nc8 {[%cal Rd3d8]} Re7 29.
Nxe7 Kxe7 {KR-KB} 30. h3 g5 31. Kc1 h5 (31... a5 $16 {was necessary.} 32. c3
Bc5) 32. Kd1 f5 33. c3 Bc5 34. Ke2 a5 35. Rd1 h4 $2 (35... Bd6 {keeps fighting.
} 36. Ke3 bxc3 37. bxc3 Bc7) 36. Kd3 bxc3 37. bxc3 e5 (37... Bf2 $142 38. Rf1
Bg3) 38. Rb1 e4+ (38... Bd6 $142 39. Rb7+ (39. Rb5 Bc7 $18) 39... Ke6) 39. fxe4
{[%cal Bf3e4,Be4f5,Bf5f6,Bf6f7][%mdl 32]} g4 40. exf5 gxh3 41. Rh1 {White
mates.} Kf6 42. Rxh3 Kg5 43. Ke4 Kg4 44. Rh1 h3 45. f6 Kg3 46. f7 Kg2 {[#]} 47.
Rxh3 $3 {[%mdl 512]} Kxh3 48. Kd5 Be7 49. c4 {[%cal Bc3c4,Bc4c5,Bc5c6][%mdl 32]
} Kg4 50. c5 Kf5 51. c6 {Weighted Error Value: White=0.13 (very precise) /
Black=0.35} 1-0

[Event "7th Gashimov Memorial-Blitz 2021"]
[Site "Baku"]
[Date "2021.12.22"]
[Round "6"]
[White "Mamedyarov, Shakhriyar"]
[Black "Rapport, Richard"]
[Result "1-0"]
[WhiteElo "2767"]
[BlackElo "2763"]
[Annotator "TA"]
[PlyCount "51"]
[EventDate "2021.12.17"]
[EventType "tourn"]
[EventCountry "AZE"]
[SourceTitle "playchess.com"]
[Source "ChessBase"]
[SourceQuality "1"]

{[%evp 15,51,20,22,0,49,12,8,10,47,58,75,52,413,416,429,422,429,431,525,521,
786,780,771,770,837,834,960,955,970,934,1166,1200,1223,1202,1304,1228,1519,
1500]} 1. d4 Nf6 2. c4 g6 3. Nc3 Bg7 4. g3 O-O 5. Bg2 d6 6. Nf3 Nc6 {[%cal
Bb8c6,Bc6a5,Ba5c4][%mdl 32]} 7. O-O a6 {7...e5 might become the main line.} 8.
e4 Rb8 9. c5 $5 {[%mdl 4] [#] Leaves trodden paths. E63: King's Indian:
Fianchetto: Panno Variation with 7...a6.} b5 $146 (9... Bg4 $11) ({Predecessor:
} 9... dxc5 10. dxc5 Bg4 11. Qc2 Bxf3 12. Bxf3 Nd4 13. Qd3 Nd7 14. Bg2 Nxc5 15.
Qc4 Nce6 16. Be3 b5 {0-1 (26) Manger,E (1310)-Rauhut,F (1906) Finsterbergen
2000}) 10. d5 (10. cxb6 $5 cxb6 11. Bg5 $11) 10... Na5 11. b4 {The position is
equal.} Nc4 {[%cal Of6e4]} 12. Nd4 {[#] aiming for Nc6.} Qe8 13. a4 {Black
must now prevent axb5.} e5 $2 {[%mdl 8192] Black cannot hold the game after
this.} ({Better is} 13... dxc5 $1 $14 14. bxc5 b4) 14. Nc6 $18 Rb7 15. axb5 {
White is clearly winning.} axb5 16. Ra8 {[%cal Oa8c8] [#] Strongly threatening
Rxc8!} Qd7 17. Qd3 Nxe4 18. Nxe4 f5 19. Ng5 e4 20. Qe2 dxc5 21. bxc5 Re8 22.
Rd1 Bh6 23. Na7 Rxa7 24. Rxa7 e3 25. Ne6 exf2+ 26. Qxf2 {Weighted Error Value:
White=0.06 (flawless) /Black=0.94} 1-0

[Event "7th Gashimov Memorial-Blitz 2021"]
[Site "Baku"]
[Date "2021.12.22"]
[Round "6"]
[White "Anand, Viswanathan"]
[Black "Caruana, Fabiano"]
[Result "0-1"]
[WhiteElo "2751"]
[BlackElo "2792"]
[Annotator "TA"]
[PlyCount "64"]
[EventDate "2021.12.17"]
[EventType "tourn"]
[EventCountry "AZE"]
[SourceTitle "playchess.com"]
[Source "ChessBase"]
[SourceQuality "1"]

{[%evp 15,64,35,35,20,30,28,26,4,24,24,39,39,62,43,62,57,92,47,57,43,49,0,0,0,
-14,36,48,30,87,68,130,38,45,-5,39,0,25,0,37,-110,10,-129,-106,-675,-687,-1217,
-259,-29988,-29989,-29993,-29994]} 1. e4 e5 2. Nf3 Nc6 3. Bb5 a6 4. Ba4 d6 5.
O-O Bd7 6. c3 g6 7. d4 Bg7 8. Re1 Nf6 $1 {[%mdl 4] is recently more successful
than 8...Nge7.} 9. h3 {C79: Ruy Lopez: Steinitz-type lines with 3...a6 4 Ba4
Nf6 5 0-0 d6.} O-O 10. Bc2 Re8 11. d5 {White has an edge.} Ne7 12. c4 h6 13.
Nc3 Nh7 {[#]} 14. b4 $146 ({Predecessor:} 14. Bd2 f5 15. exf5 gxf5 16. Qc1 f4
17. Ne4 Nf5 18. Bc3 Nf6 19. b4 Kh8 20. Kh2 {0-1 (32) Kinez,I (2086)-Mihalincic,
T (2249) Zagreb 2012}) 14... f5 15. c5 f4 16. Nd2 ({White should try} 16. a4
$16) 16... Rf8 $14 17. Ba4 {[%cal Bc2a4,Ba4b5,Bb5e2][%mdl 32]} Bc8 18. cxd6 (
18. Rb1 $14) 18... cxd6 $11 19. b5 g5 20. bxa6 Rxa6 {[%cal Og5g4]} 21. Bb5 Ra8
(21... Ng6 $1 $11) 22. Be2 Ng6 (22... Nf6 $14) 23. Rb1 (23. a4 $16) 23... Nh4 {
[%cal Og5g4]} 24. a4 (24. Bg4 $14) 24... Nf6 (24... g4 $11 25. hxg4 (25. Bxg4
Ng5 $14) 25... h5) 25. Ba3 {And now Nb5 would win.} Rf7 {[%cal Og5g4]} (25...
g4 $5) 26. Nc4 Bf8 {[%cal Og5g4] Threatens to win with ...g4!} 27. Nb6 {[#]} (
27. Nb5 $1 $14 {keeps the upper hand.} Rg7 28. Bg4 (28. Nbxd6 g4 $14)) 27...
Rg7 (27... g4 $1 $17 {[%mdl 512]} 28. Nxa8 (28. g3 fxg3) 28... gxh3) 28. Nxa8 (
28. g4 $1 $11 Ra7 29. f3) 28... g4 $1 $17 29. hxg4 {[%mdl 8192] This move
loses the game for White.} (29. g3 $17 gxh3 30. Qc1) 29... Nxg4 $19 30. Bf3 {
[#]} Qg5 $2 (30... Nh2 $1 {[%mdl 512] ( -> ...Nxg2)} 31. Bh5 {[#]} (31. Kxh2
Nxg2) 31... Qg5 $1) 31. Nb6 $2 {[#]} (31. Kf1 $19 Nxf3 32. gxf3 Nxf2 33. Qc2
Qg2+ 34. Ke2) 31... Nh2 $1 {[%mdl 512]} 32. Kxh2 {[#]} (32. Nd7 N4xf3+) 32...
Nxg2 $1 {Weighted Error Value: White=0.88/Black=0.33} 0-1

[Event "7th Gashimov Memorial-Blitz 2021"]
[Site "Baku"]
[Date "2021.12.22"]
[Round "6"]
[White "Karjakin, Sergey"]
[Black "Asadli, Vugar"]
[Result "0-1"]
[WhiteElo "2743"]
[BlackElo "2579"]
[Annotator "TA"]
[PlyCount "71"]
[EventDate "2021.12.17"]
[EventType "tourn"]
[EventCountry "AZE"]
[SourceTitle "playchess.com"]
[Source "ChessBase"]
[SourceQuality "1"]

{[%evp 9,71,0,0,0,0,0,0,0,0,-28,0,0,0,0,16,0,0,31,43,31,34,36,35,22,106,79,80,
71,89,39,154,158,150,86,132,131,120,99,96,76,260,252,352,380,368,354,1519,1502,
1512,1511,1287,1290,852,851,826,237,193,150,1357,1281,1276,0,56,0]} 1. e4 c6 2.
d4 d5 3. e5 c5 4. Nf3 cxd4 5. Qxd4 Nc6 {[%cal Bb8c6,Bc6b4,Bb4d3][%mdl 32]} 6.
Qf4 {B12: Caro-Kann: Advance Variation.} e6 7. Bd3 Nb4 8. Nc3 {The position is
equal.} Bd7 9. h4 Nxd3+ 10. cxd3 {[#]} Ne7 $146 ({Predecessor:} 10... h6 11. h5
Ne7 12. Nd4 Rc8 13. O-O a6 14. Be3 g6 15. Qh2 Rg8 16. Nce2 g5 {0-1 (46)
Shankland,S (2709)-Svidler,P (2714) Saint Louis 2021}) 11. Ng5 $40 {[%csl Gg5]
[%cal Rf4f7][%mdl 128] White attacks.} Nf5 {[#]} 12. Nxf7 Kxf7 13. g4 {[%mdl
64] Pin} Rc8 {[%cal Od8b6]} 14. gxf5 exf5 15. Be3 {To avoid Qb6} Be6 {[%cal
Of8a3]} 16. Ne2 (16. Bxa7 b6 17. Rg1 Rxc3 $1 18. bxc3 Qc7 $15) 16... d4 (16...
Be7 $11) 17. Nxd4 $16 Qd5 18. O-O {Strongly threatening Rac1.} g6 19. Nxe6 ({
Better is} 19. Rfe1 $16) 19... Qxe6 ({Black should try} 19... Kxe6 $14 20. d4 (
20. Bxa7 Qxd3 21. Rac1 Be7 $11) 20... Be7) 20. Rfc1 {Black must now prevent
Rxc8.} Be7 21. Qf3 ({White should play} 21. d4) 21... Rc6 (21... Qxe5 $142 22.
Qxb7 Rxc1+ 23. Rxc1 Rb8) 22. Rxc6 ({Much less strong is} 22. Bxa7 Qxe5 23. Rxc6
bxc6 $16) 22... bxc6 23. Rc1 Rc8 24. d4 Ke8 $2 (24... Bxh4 $16 25. Qh1 g5) 25.
d5 $18 cxd5 26. Rxc8+ Qxc8 27. Qxd5 {Hoping for Qg8+.} Kf8 {Inhibits Qg8+.} (
27... Qc7 28. Qg8+ Bf8) 28. Bh6+ Ke8 29. Qg8+ Kd7 30. e6+ Kc7 31. Bf4+ Kb7 32.
Qxc8+ $2 (32. Qxh7 Qxe6 33. Bg5) 32... Kxc8 33. Bg5 Kd8 (33... Bc5 $16) 34. f4
h6 {[#]} 35. Bxh6 $2 (35. Bxe7+ $1 $18 Kxe7 36. Kf2) 35... Bxh4 (35... Bc5+ $1
$11 36. Kg2 Ke7) 36. Kg2 {[%mdl 32768] Weighted Error Value: White=0.58/
Black=0.41. Sensor Board Error (Ke4/e5)?} (36. Bf8 $14) 0-1